000 005210000a22002050004500
003 LK-CoMWRAF
008 230817t ||||| |||| 00| 0 eng d
020 _a8170020123
040 _aLK-CoMWRAF
_dLK-CoMWRAF
_eLK-CoMWRAF
041 _aeng
082 _a160
_bALI
100 _aAli, Syed Ameer
245 _aMahommedan law
_bcompiled for authorities un the original arabic
250 _a4th ed.
260 _aNew Delhi
_bHimalayan
_c1985
300 _ap.818
490 _avol.1
650 _aMuslim law
942 _cBK
999 _c2670
_d2670